[Event "HUN-ch U10"]
[Site "Tapolca"]
[Date "2021.08.06"]
[Round "7"]
[White "Herczeg, Benedek"]
[Black "Farkas, Viktor Maxim"]
[Result "1/2-1/2"]
[WhiteElo "1262"]
[BlackElo "1368"]
[PlyCount "119"]
[EventDate "2021.08.01"]
[EventType "swiss"]
[EventRounds "7"]
[EventCountry "HUN"]
[SourceTitle "EXT 2022"]
[Source "ChessBase"]
[SourceDate "2021.10.06"]
[SourceVersion "1"]
[SourceVersionDate "2021.10.06"]
[SourceQuality "1"]

1. e4 c5 2. Nf3 Nc6 3. d4 cxd4 4. Nxd4 Nf6 5. Nc3 e5 6. Nf3 Bb4 7. Bd3 0-0 8. Bg5 Be7 9. Bxf6 Bxf6 10. 0-0 d6 11. h3 Be6 12. Nd5 Bxd5 13. exd5 Ne7 14. Re1 Nxd5 15. Bxh7+ Kxh7 16. Qxd5 Qb6 17. Qe4+ Kg8 18. Rab1 Rad8 19. Red1 Qc6 20. Qb4 Qxc2 21. Rbc1 Qe2 22. Qxb7 Rb8 23. Qxa7 e4 24. Rd2 Qb5 25. Nd4 Bxd4 26. Rxd4 Qxb2 27. Rcd1 Ra8 28. Qe7 Rxa2 29. Qh4 e3 30. Rf4 exf2+ 31. Rxf2 Qxf2+ 32. Qxf2 Rxf2 33. Kxf2 Rd8 34. Rd5 Kh7 35. Kf3 Kg6 36. Kf4 Kf6 37. g4 g6 38. h4 Ke6 39. Ke4 Rh8 40. h5 Rh6 41. Ra5 Rh8 42. Rd5 gxh5 43. gxh5 Rf8 44. Rf5 f6 45. h6 Rh8 46. Rh5 Rh7 47. Rh4 f5+ 48. Kf4 Kf6 49. Rh5 Kg6 50. Rxf5 Rxh6 51. Ke4 Rh4+ 52. Rf4 Rh1 53. Kd5 Rd1+ 54. Kc6 Kg5 55. Rf8 d5 56. Kc5 d4 57. Kc4 Kg4 58. Rd8 Rc1+ 59. Kd3 Kf3 60. Rf8+ 1/2-1/2

[Event "HUN-ch U10"]
[Site "Tapolca"]
[Date "2021.08.02"]
[Round "1"]
[White "Kardos, Levente"]
[Black "Farkas, Viktor Maxim"]
[Result "1-0"]
[WhiteElo "1691"]
[BlackElo "1368"]
[PlyCount "51"]
[EventDate "2021.08.01"]
[EventType "swiss"]
[EventRounds "7"]
[EventCountry "HUN"]
[SourceTitle "EXT 2022"]
[Source "ChessBase"]
[SourceDate "2021.10.06"]
[SourceVersion "1"]
[SourceVersionDate "2021.10.06"]
[SourceQuality "1"]

1. e4 d5 2. exd5 Nf6 3. Bb5+ Bd7 4. Qe2 Nxd5 5. Bc4 Nb6 6. Bb3 Nc6 7. Qh5 e6 8. d3 Qf6 9. Bg5 Qxb2 10. Bd2 Qxa1 11. Qd1 Qf6 12. Nf3 Ne5 13. Bc3 Nxf3+ 14. gxf3 Qh4 15. Ba5 Qh3 16. Bxb6 axb6 17. Nc3 Bc6 18. Ne4 Bxe4 19. dxe4 Bb4+ 20. Ke2 0-0 21. Rg1 Rad8 22. Qa1 Rd2+ 23. Ke3 Qh6+ 24. f4 Qh3+ 25. f3 Qxh2 26. Qxg7# 1-0